000 01969nam0a2200409 4500
001 RU\NLR\bibl\1501326
005 20260406162744.0
010 _a978-5-89647-229-2
021 _aRU
_b2010-17535
_91177
035 _a(nilc)RSL-KNO-004595372
035 _a(NLR Aleph) 001492782
090 _a1772276
_c1772276
100 _a20100312d2010 |||y0rusy50 ca
101 1 _arus
_ceng
102 _aRU
105 _ay zzzz|||||
200 1 _aПостижение Иисуса
_eдоступное введение в христологию
_fДжеймс Алисон
_g[пер. с англ. Сергея Малахова
_gпод ред. Марии Заваровой]
210 _aМосква
_cИзд-во ББИ
_d2010
215 _a133, [1] с.
_d21
225 1 _aСовременное богословие
300 _aЗагл. и авт. ориг.: Knowing Jesus / Alison James
320 _aПредм. указ.: с. 131-134
454 0 _12001#$aKnowing Jesus
_1700#1$aAlison$bJ.$gJames$4070
_tKnowing Jesus
_aAlison, James
455 1 _12000#$aKnowing Jesus
_1700#0$aAlison, James
_tKnowing Jesus
_aAlison, James
606 1 _aХристология
_92113040
_3RU\NLR\auth\661276827
610 0 _aРелигия -- Христианство -- Католицизм -- Католическое вероучение. Католическое богословие -- Религиозная догматика -- Бог -- Триада богов. Троичность (триединство) божества -- Бог-сын. Христология
686 _aЭ375-421.112,0
_2rubbk
686 _aЭ375-421.112
700 1 _aАлисон
_bД.
_gДжеймс
_4070
702 0 _4570
_7ca
_8rus
_aИисус Христос
_9119452
_3RU\NLR\AUTH\779638
801 0 _aRU
_bРГБ
_c20100312
_gRCR
801 1 _aRU
_bРГБ
_c20100312
801 2 _aRU
_bNLR
_c20100419
_grcr
942 _cBOOK
980 _aNB